Swarthmore College Acronyms Quiz Stats

 Plays Quiz not verified by Sporcle

Score 0/34 Timer 05:00
0 Plays Today
Acronym Group % Correct
MLMary Lyon
83.4%
DUDelta Upsilon
81.1%
APAlice Paul
79.4%
SAMStudent Academic Mentor
79.4%
WAWriting Associate
77.7%
DKDavid Kemp
76.7%
LPACLang Performing Arts Center
76.1%
RAResident Assistant
67.8%
BMTBoy Meets Tractor
63.1%
CSComputer Science
59.8%
SAOSwarthmore Asian Organization
53.8%
QSAQueer Straight Alliance
52.8%
SQUSwarthmore Queer Union
51.8%
GAGreen Advisor
44.2%
RNMRhythm n Motion
43.5%
WHCWorth Health Center
36.5%
SCFSwarthmore Christian Fellowship
35.5%
Acronym Group % Correct
SCCSSwarthmore College Computer Society
20.6%
SACStudent Affairs Committee
17.3%
ASAPAcquaintance Sexual Assault Prevention
16.9%
SLAPSwarthmore Labor Action Project
15.9%
NOTANone of the Above
13.3%
EYHExpanding Your Horizons
11%
NASANative American Student Association
9.3%
SASASwarthmore African Students Association
9%
SASSSwarthmore African American Student Society
8.3%
ROCRevolutionaries of Color
5.6%
SMARTSexual Misconduct Advisory Resource Team
2.7%
VOXVoices for change
2.3%
SSSLSwarthmore Students Supporting Life
2%
FCSFree Culture Swarthmore
1.7%
SWAPSwarthmore Women in Astronomy in Physics
1%
IEEEInstitute for Electrical and Electronic Engineers
0.7%
GSPAGood Schools Pennsylvania
0.3%

You're not logged in!

Compare scores with friends on all Sporcle quizzes.
OR
Log In

You Might Also Like...

Show Comments

Extras

Top Quizzes Today


Score Distribution

Your Account Isn't Verified!

In order to create a playlist on Sporcle, you need to verify the email address you used during registration. Go to your Sporcle Settings to finish the process.

Report this User

Report this user for behavior that violates our Community Guidelines.

Details: